• 首页
  • 本馆介绍
  • 公告通知
  • 最新文献
  • 馆藏检索
  • 电子资源
  • 读者导购
  • 参考咨询
  • 我的图书馆
  • 登录
  • 详细信息显示
  • 放入我的书架
  • 预约/预借图书
  • 作者相关作品
  • 分类相关作品
  • 丛书相关作品
  • 出版社相关作品

书目信息

  • 表格格式
  • 工作单格式
  • 卡片格式
题名:
主题公园营运力管理
    
 
作者: 苏影 , 董观志 著
分册:  
出版信息: 北京   中国旅游出版社  2005
页数: 255页
开本: 23cm
丛书名:
单 册:
中图分类: F590.7
科图分类:
主题词: 公园--管理
电子资源:
ISBN: 7-5032-2467-3
000 01198nam0 2200337 450
000 01161nam0 2200325 450
000 01166nam0 2200337 450
000 01129nam0 2200325 450
000 01147nam0 2200313 450
000 01110nam0 2200301 45
001 TS2006022065
005 20061210152145.15
010    @a7-5032-2467-3@dCNY25.00
092    @aCN@bTS01-024552
100    @a20060829d2005 em y0chiy0110 ea
101 0  @achi
102    @aCN@b110000
105    @ay z 000yy
200 1  @a主题公园营运力管理@Azhu ti gong wan ying yun li guan li@e“六员一体”解决方案@f董观志,苏影著
210    @a北京@c中国旅游出版社@d2005
215    @a255页@d23cm
330    @a本书围绕提升主题公园“营运力”这个关键问题,展开了充分的系统论述,探讨了体验经济时代的服务质量,阐述了许多操作性的典型案例,构建了主题公园服务圈的运行框架等。
510 1  @aTheme Park Operation Management@zeng
606 0  @a公园@x管理
690    @aF590.7@v4
701  0 @a苏影@Asu ying@4著
701  0 @a董观志@Adong guan zhi@4著
801  0 @aCN@b中图数据@c20061210
905    @a10447@dF590.7@e105
    
    主题公园营运力管理:“六员一体”解决方案/董观志,苏影著.-北京:中国旅游出版社,2005
    255页;23cm
    
    
    ISBN 7-5032-2467-3:CNY25.00
    本书围绕提升主题公园“营运力”这个关键问题,展开了充分的系统论述,探讨了体验经济时代的服务质量,阐述了许多操作性的典型案例,构建了主题公园服务圈的运行框架等。
●
相关链接 在E读中查询图书 在五车中查询图书 在当当中查询图书 在豆瓣中查询图书


正题名:主题公园营运力管理     索取号:F590.7/105         预约/预借

序号 登录号 条形码 馆藏地/架位号 状态 备注
1 0615168   206151689   第一样本阅览室/ [索取号:F590.7/105] 在馆    
2 0615169   206151698   第一借阅区/ [索取号:F590.7/105] 在馆    
3 0615170   206151705   第一借阅区/ [索取号:F590.7/105] 在馆    
4 0615171   206151714   第一借阅区/ [索取号:F590.7/105] 在馆    
5 0615172   206151723   第一借阅区/ [索取号:F590.7/105] 在馆    
唐山师范学院图书馆 欢迎您!
大连网信软件有限公司© 版权所有